Countries by All Time CO2 Emissions - Statistics

General Stats
  • This quiz has been taken 47 times
  • The average score is 9 of 15
Answer Stats
All Time Emissions in Billion Metric Tons Answer % Correct
426.9 USA
100%
260.6 China
98%
119.3 Russia
93%
94 Germany
83%
78.8 UK
80%
59.7 India
76%
39.4 France
68%
67.7 Japan
68%
34.6 Canada
61%
25.4 Italy
44%
28.5 Poland
34%
31 Ukraine
29%
21.1 Mexico
24%
19.9 Iran
17%
21.9 South Africa
7%
No matching quizzes found
Score Distribution
Percent of People with Each Score
Percentile by Number Answered
Your Score History
You have not taken this quiz